Fr. Conceicao Rodrigues College of Engineering

Start Up Stand up (Record no. 33302)

MARC details
000 -LEADER
fixed length control field 00325nam a2200169Ia 4500
082 ## - DEWEY DECIMAL CLASSIFICATION NUMBER
Item number NAN
100 ## - MAIN ENTRY--PERSONAL NAME
Personal name Nandini Vaidyanathan
245 ## - TITLE STATEMENT
Title Start Up Stand up
260 ## - PUBLICATION, DISTRIBUTION, ETC.
Name of publisher, distributor, etc. Jaico
Date of publication, distribution, etc. 2018
366 ## - TRADE AVAILABILITY INFORMATION
Publishers's discount category 25
300 ## - PHYSICAL DESCRIPTION
Extent 288
546 ## - LANGUAGE NOTE
Language note ENGLISH
650 ## - SUBJECT ADDED ENTRY--TOPICAL TERM
Topical term or geographic name entry element Start up
654 ## - SUBJECT ADDED ENTRY--FACETED TOPICAL TERMS
Focus term start up
942 ## - ADDED ENTRY ELEMENTS (KOHA)
Koha item type BOOK
Holdings
Withdrawn status Lost status Damaged status Not for loan Collection Home library Current library Date acquired Source of acquisition Cost, normal purchase price Inventory number Total Checkouts Full call number Barcode Date due Date last seen Date last checked out Cost, replacement price Price effective from Koha item type
        CRC Fr. Agnel's C.Rodrigues College of Engineering Fr. Agnel's C.Rodrigues College of Engineering 17/03/2023 Allied Publishers 262.50 776 dt 14.03.2019 1 NAN 25564 26/07/2026 27/04/2026 27/04/2026 350.00   BOOK